[Event "Lleida-ch U18 prel"]
[Site "Balaguer"]
[Date "2017.01.14"]
[Round "1.2"]
[White "Cosialls Ris, Ramon"]
[Black "Clua Guardia, Mariona"]
[Result "1-0"]
[WhiteElo "1993"]
[BlackElo "1948"]
[PlyCount "39"]
[EventDate "2017.01.14"]
[EventType "swiss"]
[EventRounds "6"]
[EventCountry "ESP"]
[SourceTitle "EXT 2024"]
[Source "ChessBase"]
[SourceDate "2023.10.10"]
[SourceVersion "1"]
[SourceVersionDate "2023.10.10"]
[SourceQuality "1"]

1. e4 c5 2. Nf3 Nc6 3. d4 cxd4 4. Nxd4 g6 5. Nc3 Bg7 6. Be3 Nf6 7. Bc4 0-0 8. Bb3 e5 9. Ndb5 Qa5 10. 0-0 Nxe4 11. Qd3 Nxc3 12. bxc3 e4 13. Qe2 Bxc3 14. Bc5 Rd8 15. Bxf7+ Kg7 16. Qc4 Bxa1 17. Rxa1 d5 18. Bxd5 Rxd5 19. Qxd5 Qxb5 20. Bf8+ 1-0

[Event "Lleida-ch U14"]
[Site "Balaguer"]
[Date "2014.03.01"]
[Round "6.1"]
[White "Cosialls Ris, Ramon"]
[Black "Sole Pijuan, Ferran"]
[Result "1/2-1/2"]
[WhiteElo "1898"]
[BlackElo "2039"]
[PlyCount "51"]
[EventDate "2014.01.25"]
[EventType "swiss"]
[EventRounds "6"]
[EventCountry "ESP"]
[SourceTitle "EXT 2024"]
[Source "ChessBase"]
[SourceDate "2023.10.10"]
[SourceVersion "1"]
[SourceVersionDate "2023.10.10"]
[SourceQuality "1"]

1. e4 e5 2. Nf3 Nc6 3. Bb5 a6 4. Ba4 Nf6 5. d3 b5 6. Bb3 Be7 7. c3 d6 8. h3 0-0 9. 0-0 Na5 10. Bc2 c5 11. Re1 Qc7 12. d4 cxd4 13. cxd4 Bd7 14. d5 Rfc8 15. Bd3 Nb7 16. b3 Nc5 17. Bb2 Nxd3 18. Qxd3 Qc2 19. Qxc2 Rxc2 20. Bc3 Rc8 21. Bd2 Bd8 22. Na3 R2c7 23. Bb4 Ne8 24. Re2 Rc1+ 25. Rxc1 Rxc1+ 26. Re1 1/2-1/2

[Event "Ponts U14 Lleida-ch"]
[Site "Ponts"]
[Date "2013.02.02"]
[Round "2.1"]
[White "Caldero Lesan, Jordi"]
[Black "Cosialls Ris, Ramon"]
[Result "1-0"]
[WhiteElo "1532"]
[BlackElo "1633"]
[PlyCount "70"]
[EventDate "2013.01.26"]
[EventType "swiss"]
[EventRounds "6"]
[EventCountry "ESP"]
[SourceTitle "EXT 2024"]
[Source "ChessBase"]
[SourceDate "2023.10.10"]
[SourceVersion "1"]
[SourceVersionDate "2023.10.10"]
[SourceQuality "1"]

1. Nf3 Nf6 2. c4 c5 3. Nc3 e6 4. d3 Nc6 5. g3 a6 6. Bg2 Be7 7. 0-0 0-0 8. Bf4 d5 9. cxd5 exd5 10. Qb3 b5 11. Ne5 Nd4 12. Qd1 Bb7 13. Rc1 Qb6 14. Bg5 Rad8 15. Ng4 h6 16. Bxf6 Bxf6 17. Nxf6+ Qxf6 18. e3 Nf5 19. Qb3 c4 20. Qc2 Rd7 21. d4 Re8 22. Bh3 g6 23. Kh1 Kh8 24. Ne2 b4 25. Nf4 Re4 26. g4 g5 27. Nxd5 Bxd5 28. gxf5 Rxe3+ 29. Bg2 Bxg2+ 30. Kxg2 Qc6+ 31. Kg1 Re4 32. f3 Rexd4 33. Rce1 Rd8 34. Re4 Qc5 35. Kh1 Qxf5 1-0